[Event "Verbandsliga Nordbaden 2223"]
[Site "Germany"]
[Date "2023.05.07"]
[Round "9.4"]
[White "Schork, Stefan"]
[Black "Heinl, Achim"]
[Result "0-1"]
[WhiteElo "2088"]
[BlackElo "2143"]
[PlyCount "58"]
[EventDate "2022.09.25"]
[EventType "team-tourn"]
[EventRounds "9"]
[EventCountry "GER"]
[SourceTitle "EXT 2024"]
[Source "ChessBase"]
[SourceDate "2023.10.10"]
[SourceVersion "1"]
[SourceVersionDate "2023.10.10"]
[SourceQuality "1"]
[WhiteTeam "Pforzheim"]
[BlackTeam "Eppingen II"]
[WhiteTeamCountry "GER"]
[BlackTeamCountry "GER"]

1. d4 Nf6 2. Nf3 d5 3. c4 e6 4. Nc3 c6 5. e3 Bd6 6. b3 Nbd7 7. Bb2 0-0 8. Qc2 Qe7 9. Be2 Re8 10. 0-0 b6 11. e4 dxe4 12. Nxe4 Nxe4 13. Qxe4 Bb7 14. Bd3 Nf8 15. Ne5 c5 16. Qg4 cxd4 17. Bxd4 f6 18. Nf3 Bxf3 19. gxf3 Rad8 20. Rad1 f5 21. Qh5 Bxh2+ 22. Qxh2 Rxd4 23. Be2 Rh4 24. Qg3 Rh6 25. Qf4 Rg6+ 26. Kh2 e5 27. Qxf5 Qh4+ 28. Qh3 Qf4+ 29. Kh1 Rh6 0-1

[Event "Verbandsliga Nordbaden 2223"]
[Site "Germany"]
[Date "2022.12.04"]
[Round "4.3"]
[White "Pfleger, Michael"]
[Black "Schork, Stefan"]
[Result "0-1"]
[WhiteElo "2161"]
[BlackElo "2088"]
[PlyCount "86"]
[EventDate "2022.09.25"]
[EventType "team-tourn"]
[EventRounds "9"]
[EventCountry "GER"]
[SourceTitle "EXT 2024"]
[Source "ChessBase"]
[SourceDate "2023.10.10"]
[SourceVersion "1"]
[SourceVersionDate "2023.10.10"]
[SourceQuality "1"]
[WhiteTeam "Bad Mergentheim II"]
[BlackTeam "Pforzheim"]
[WhiteTeamCountry "GER"]
[BlackTeamCountry "GER"]

1. g3 d5 2. Bg2 e5 3. d4 exd4 4. Qxd4 Nf6 5. Bg5 Nc6 6. Qd1 Be6 7. Nc3 Bb4 8. a3 Bxc3+ 9. bxc3 h6 10. Bc1 Qd7 11. h4 0-0-0 12. Nf3 Ne4 13. Nd4 Nxc3 14. Qd3 Nxd4 15. Qxc3 Nf5 16. Qa5 Kb8 17. Rb1 c6 18. Bf4+ Ka8 19. 0-0 Nd6 20. Qc3 f6 21. a4 Nc4 22. Bc1 Bh3 23. e4 Bxg2 24. Kxg2 Rhe8 25. Re1 Nd6 26. Be3 Rxe4 27. Bc5 Rde8 28. Red1 Rc4 29. Qa3 Ne4 30. Be3 Nc3 31. Qb3 Nxd1 32. Rxd1 Rce4 33. c4 d4 34. Qd3 c5 35. Bc1 Qc6 36. f3 Re2+ 37. Kh3 Qe6+ 38. g4 Qe5 39. Rh1 Re1 40. Rxe1 Qxe1 41. Bf4 g5 42. Bg3 Qh1+ 43. Bh2 Re3 0-1

[Event "Verbandsliga Nordbaden 2223"]
[Site "Germany"]
[Date "2022.11.20"]
[Round "3.3"]
[White "Pyvovar, Igor"]
[Black "Schork, Stefan"]
[Result "0-1"]
[WhiteElo "2144"]
[BlackElo "2088"]
[PlyCount "94"]
[EventDate "2022.09.25"]
[EventType "team-tourn"]
[EventRounds "9"]
[EventCountry "GER"]
[SourceTitle "EXT 2024"]
[Source "ChessBase"]
[SourceDate "2023.10.10"]
[SourceVersion "1"]
[SourceVersionDate "2023.10.10"]
[SourceQuality "1"]
[WhiteTeam "Ettlingen II"]
[BlackTeam "Pforzheim"]
[WhiteTeamCountry "GER"]
[BlackTeamCountry "GER"]

1. Nf3 d5 2. d4 Nf6 3. g3 c5 4. dxc5 e6 5. Bg2 Bxc5 6. 0-0 Nc6 7. c4 d4 8. Nbd2 a5 9. Ng5 0-0 10. Nde4 Nxe4 11. Nxe4 Ba7 12. b3 Qe7 13. a4 f5 14. Ba3 Nb4 15. Bxb4 Qxb4 16. Nd2 e5 17. Bd5+ Kh8 18. Nf3 Qe7 19. Qd2 Bc5 20. Qg5 Rf6 21. Rad1 Be6 22. Bxe6 Qxe6 23. Qd2 b6 24. Ng5 Qe8 25. Kg2 Qh5 26. Rh1 h6 27. Nh3 g5 28. f3 e4 29. f4 g4 30. Ng1 Qf7 31. h3 Qb7 32. e3 d3 33. hxg4 fxg4 34. Qc3 Qg7 35. Qe5 Qg6 36. Rf1 Bd6 37. Qd5 Re8 38. Rh4 Bc5 39. Qd7 Rg8 40. f5 Qe8 41. Qxe8 Rxe8 42. Rxg4 Bxe3 43. Nh3 d2 44. Rh1 Rxf5 45. Nf4 Bxf4 46. gxf4 h5 47. Kf2 d1Q 0-1

[Event "Verbandsliga Nordbaden 1920"]
[Site "Baden"]
[Date "2019.12.01"]
[Round "3.3"]
[White "Schork, Stefan"]
[Black "Pfleger, Michael"]
[Result "1/2-1/2"]
[WhiteElo "2088"]
[BlackElo "2198"]
[PlyCount "129"]
[EventDate "2019.09.29"]
[EventType "team-tourn"]
[EventRounds "9"]
[EventCountry "GER"]
[SourceTitle "EXT 2021"]
[Source "ChessBase"]
[SourceDate "2020.10.23"]
[SourceVersion "1"]
[SourceVersionDate "2020.10.23"]
[SourceQuality "1"]
[WhiteTeam "Pforzheim"]
[BlackTeam "Bad Mergentheim II"]
[WhiteTeamCountry "GER"]
[BlackTeamCountry "GER"]

1. Nf3 c5 2. Nc3 g6 3. e4 Bg7 4. d4 cxd4 5. Nxd4 Nc6 6. Be3 Nf6 7. Bc4 0-0 8. Bb3 Na5 9. Qe2 Nxb3 10. cxb3 d5 11. 0-0-0 e5 12. Nf3 Nxe4 13. Nxe4 Qc7+ 14. Nc3 d4 15. Nxd4 exd4 16. Bxd4 f6 17. Qc4+ Qf7 18. Qxf7+ Rxf7 19. Rhe1 Bf5 20. f3 h5 21. Ne4 Rc8+ 22. Kb1 b6 23. Bc3 Re7 24. Ka1 Bxe4 25. Rxe4 Rxe4 26. fxe4 Re8 27. Re1 Kf7 28. Kb1 Ke6 29. Rf1 Rc8 30. Kc2 Rc5 31. b4 Rc6 32. Rd1 Rc8 33. Kb3 Bf8 34. Rd4 Bd6 35. h3 Rf8 36. b5 Bc5 37. Rd3 Rc8 38. Rf3 Be7 39. h4 Rd8 40. Kc2 Rg8 41. Kd3 Rf8 42. Re3 Bd6 43. Rf3 Be5 44. Bxe5 Kxe5 45. Ke2 Rc8 46. Rg3 Rc4 47. Rxg6 Rxe4+ 48. Kf3 Rxh4 49. Rh6 Rf4+ 50. Kg3 Rg4+ 51. Kh3 f5 52. Rxh5 Rb4 53. Rh7 Rxb2 54. a4 Rb3+ 55. Kh2 Ra3 56. Rxa7 Kd6 57. g3 Ra1 58. Kh3 Rh1+ 59. Kg2 Ra1 60. Ra6 Kc7 61. Kf3 Kb7 62. Kf4 Rf1+ 63. Ke3 Ra1 64. Kf4 Rf1+ 65. Ke3 1/2-1/2

[Event "Verbandsliga Nordbaden 1819"]
[Site "Baden"]
[Date "2019.03.31"]
[Round "8.7"]
[White "Schork, Stefan"]
[Black "Hefner, Felix"]
[Result "1-0"]
[WhiteElo "2066"]
[BlackElo "2010"]
[PlyCount "73"]
[EventDate "2018.10.14"]
[EventType "team-tourn"]
[EventRounds "9"]
[EventCountry "GER"]
[SourceTitle "EXT 2020"]
[Source "ChessBase"]
[SourceDate "2019.10.17"]
[SourceVersion "1"]
[SourceVersionDate "2019.10.17"]
[SourceQuality "1"]
[WhiteTeam "Pforzheim"]
[BlackTeam "Buchen II"]
[WhiteTeamCountry "GER"]
[BlackTeamCountry "GER"]

1. Nf3 f5 2. g3 Nf6 3. Bg2 g6 4. 0-0 Bg7 5. d4 0-0 6. b3 d6 7. Bb2 Qe8 8. Nbd2 Na6 9. Re1 c5 10. e4 fxe4 11. Nxe4 cxd4 12. Nxd6 Qd7 13. Nc4 d3 14. cxd3 Nb4 15. Nfe5 Qc7 16. Qd2 a5 17. Bd4 Ra6 18. Rac1 Ng4 19. a3 Nc6 20. Bd5+ Kh8 21. Nxc6 bxc6 22. Qc3 Bf6 23. Bg2 Nxf2 24. Rf1 Ng4 25. Bxf6+ exf6 26. h3 Qa7+ 27. Kh1 Nf2+ 28. Kh2 Bf5 29. Nb2 Kg7 30. Rc2 Nxd3 31. Nxd3 Rd8 32. Rd2 Qe3 33. Rf3 Qh6 34. Nf4 Rxd2 35. Qxd2 g5 36. Nh5+ Kg6 37. g4 1-0

[Event "Verbandsliga Nordbaden 1819"]
[Site "Baden"]
[Date "2019.02.17"]
[Round "6.6"]
[White "Welz, Thomas"]
[Black "Schork, Stefan"]
[Result "1/2-1/2"]
[WhiteElo "2170"]
[BlackElo "2066"]
[PlyCount "99"]
[EventDate "2018.10.14"]
[EventType "team-tourn"]
[EventRounds "9"]
[EventCountry "GER"]
[SourceTitle "EXT 2020"]
[Source "ChessBase"]
[SourceDate "2019.10.17"]
[SourceVersion "1"]
[SourceVersionDate "2019.10.17"]
[SourceQuality "1"]
[WhiteTeam "Eppingen II"]
[BlackTeam "Pforzheim"]
[WhiteTeamCountry "GER"]
[BlackTeamCountry "GER"]

1. d4 Nf6 2. Nf3 e6 3. Bg5 h6 4. Bxf6 Qxf6 5. c4 Bb4+ 6. Nbd2 c5 7. a3 Ba5 8. Ra2 cxd4 9. b4 Bc7 10. Ne4 Qf4 11. Qc2 e5 12. Nfd2 f5 13. g3 Qg4 14. h3 Qg6 15. Nc5 b6 16. Bg2 Nc6 17. Ncb3 Bb7 18. g4 Nxb4 19. axb4 Bxg2 20. Rg1 Be4 21. Nxe4 fxe4 22. Nd2 d3 23. Qa4 Qf7 24. Qb5 0-0 25. Nxe4 dxe2 26. Rg3 Bd8 27. Rd3 Bh4 28. Rxe2 Rad8 29. Qd5 a5 30. bxa5 bxa5 31. Nd6 Qxd5 32. Rxd5 Ra8 33. Nf5 Bf6 34. Ra2 Rfc8 35. Ra4 Rc7 36. Ke2 g6 37. Nxh6+ Kg7 38. g5 Bxg5 39. Ng4 Bf4 40. Kd3 Rh8 41. Nxe5 Rxh3+ 42. Ke4 Bxe5 43. Kxe5 Rf3 44. Kd6 Ra7 45. Raxa5 Rf6+ 46. Ke7 Rf7+ 47. Kd6 Rf6+ 48. Ke7 Rf7+ 49. Kd6 Rf6+ 50. Ke7 1/2-1/2

[Event "Verbandsliga Nordbaden 1819"]
[Site "Baden"]
[Date "2018.12.02"]
[Round "3.7"]
[White "Schork, Stefan"]
[Black "Bloessl, Walter"]
[Result "1/2-1/2"]
[WhiteElo "2066"]
[BlackElo "2026"]
[PlyCount "88"]
[EventDate "2018.10.14"]
[EventType "team-tourn"]
[EventRounds "9"]
[EventCountry "GER"]
[SourceTitle "EXT 2020"]
[Source "ChessBase"]
[SourceDate "2019.10.17"]
[SourceVersion "1"]
[SourceVersionDate "2019.10.17"]
[SourceQuality "1"]
[WhiteTeam "Pforzheim"]
[BlackTeam "Ladenburg"]
[WhiteTeamCountry "GER"]
[BlackTeamCountry "GER"]

1. Nf3 d6 2. d4 Nf6 3. c4 g6 4. Nc3 Bg7 5. g3 0-0 6. Bg2 Nc6 7. 0-0 e5 8. d5 Ne7 9. e4 Kh8 10. b4 a5 11. bxa5 Rxa5 12. Nd2 Nd7 13. Nb3 Ra6 14. a4 f5 15. Ba3 Nf6 16. a5 fxe4 17. Nxe4 Nxe4 18. Bxe4 Bf5 19. Qe2 Ng8 20. c5 Bxe4 21. Qxe4 Qd7 22. Qb4 Nf6 23. Qxb7 Raa8 24. Qb4 Rab8 25. Qc4 Qh3 26. f3 c6 27. dxc6 d5 28. Qc2 Qc8 29. Bb2 d4 30. Nd2 Qxc6 31. Rf2 Nd5 32. Ne4 Bh6 33. f4 Ne3 34. Qd3 Qd5 35. Ra3 Bg7 36. a6 exf4 37. a7 fxg3 38. Rxf8+ Rxf8 39. a8Q gxh2+ 40. Kh1 Rxa8 41. Rxa8+ Qxa8 42. Bxd4 Nf5 43. Bxg7+ Kxg7 44. Qc3+ Kh6 1/2-1/2

[Event "Verbandsliga Nordbaden 1617"]
[Site "Baden"]
[Date "2016.12.11"]
[Round "4.3"]
[White "Wiesner, Paula"]
[Black "Schork, Stefan"]
[Result "1-0"]
[WhiteElo "2116"]
[BlackElo "2063"]
[PlyCount "89"]
[EventDate "2016.10.09"]
[EventType "team-tourn"]
[EventRounds "9"]
[EventCountry "GER"]
[SourceTitle "EXT 2022"]
[Source "ChessBase"]
[SourceDate "2021.10.06"]
[SourceVersion "1"]
[SourceVersionDate "2021.10.06"]
[SourceQuality "1"]
[WhiteTeam "Karlsruhe II"]
[BlackTeam "Pforzheim"]
[WhiteTeamCountry "GER"]
[BlackTeamCountry "GER"]

1. d4 d5 2. c4 c6 3. Nf3 Nf6 4. Nc3 a6 5. e3 b5 6. cxd5 cxd5 7. Bd3 Bg4 8. 0-0 e6 9. a3 Nc6 10. Bd2 Bd6 11. Rc1 Qb6 12. e4 Nxd4 13. Be3 Bxf3 14. gxf3 e5 15. f4 dxe4 16. Nxe4 Rd8 17. Nxd6+ Qxd6 18. fxe5 Qxe5 19. Bxd4 Qxd4 20. Bxb5+ axb5 21. Re1+ Ne4 22. Qxd4 Rxd4 23. Rc8+ Rd8 24. Rxe4+ Kd7 25. Rxd8+ Rxd8 26. Rd4+ Kc7 27. Rxd8 Kxd8 28. Kg2 g5 29. Kf3 f5 30. Ke3 Kd7 31. b3 h5 32. a4 b4 33. h4 gxh4 34. Kf3 Kd6 35. Kg2 Kd5 36. Kh3 Ke4 37. Kxh4 Kf3 38. a5 Kxf2 39. a6 f4 40. a7 f3 41. a8Q Ke3 42. Kg3 h4+ 43. Kxh4 f2 44. Qg2 Ke2 45. Kg3 1-0

[Event "Verbandsliga Nordbaden 1516"]
[Site "Baden"]
[Date "2015.12.13"]
[Round "4.4"]
[White "Schrepp, Martin"]
[Black "Schork, Stefan"]
[Result "1-0"]
[WhiteElo "2266"]
[BlackElo "2063"]
[PlyCount "115"]
[EventDate "2015.09.27"]
[EventType "team-tourn"]
[EventRounds "9"]
[EventCountry "GER"]
[SourceTitle "EXT 2022"]
[Source "ChessBase"]
[SourceDate "2021.10.06"]
[SourceVersion "1"]
[SourceVersionDate "2021.10.06"]
[SourceQuality "1"]
[WhiteTeam "Ladenburg"]
[BlackTeam "Pforzheim"]
[WhiteTeamCountry "GER"]
[BlackTeamCountry "GER"]

1. Nf3 d5 2. g3 Nc6 3. d4 Bf5 4. c3 f6 5. Qb3 Qd6 6. Bg2 0-0-0 7. Nbd2 e5 8. a4 e4 9. Ng1 h5 10. Nf1 h4 11. Bf4 Qd7 12. gxh4 Rxh4 13. Bg3 Rh6 14. a5 g5 15. h4 Qh7 16. Ne3 Be6 17. Bh3 Bxh3 18. Nxh3 gxh4 19. Bf4 Rh5 20. Qa4 Qd7 21. b4 Bh6 22. b5 Nce7 23. Qb3 Bxf4 24. Nxf4 Rh7 25. Kd2 Kb8 26. Rag1 Qd6 27. Nfxd5 f5 28. Nb4 f4 29. Nc4 Qf6 30. Kc2 e3 31. fxe3 fxe3 32. Ne5 Ka8 33. Kb2 Qf2 34. Qc4 Rc8 35. a6 Rh6 36. axb7+ Kxb7 37. Na6 Rb6 38. Nd7 Rd6 39. Ndc5+ Ka8 40. Ka3 Qf8 41. Rxh4 c6 42. Rh8 Qd8 43. bxc6 Rdxc6 44. Kb2 Rb6+ 45. Kc2 Ng6 46. Rhh1 N8e7 47. Ra1 Rcc6 48. Nb4 Rf6 49. Ra2 Nf4 50. Rha1 Nc8 51. Ra6 Qe8 52. Nd5 Qg6+ 53. Nd3 Rbc6 54. N5xf4 Qg4 55. Qd5 Kb8 56. Rxc6 Rxc6 57. Qe5+ Kb7 58. Qxe3 1-0

[Event "Verbandsliga Nordbaden 1516"]
[Site "Baden"]
[Date "2015.11.22"]
[Round "3.4"]
[White "Belica, Matej"]
[Black "Schork, Stefan"]
[Result "1-0"]
[WhiteElo "2173"]
[BlackElo "2063"]
[PlyCount "73"]
[EventDate "2015.09.27"]
[EventType "team-tourn"]
[EventRounds "9"]
[EventCountry "GER"]
[SourceTitle "EXT 2022"]
[Source "ChessBase"]
[SourceDate "2021.10.06"]
[SourceVersion "1"]
[SourceVersionDate "2021.10.06"]
[SourceQuality "1"]
[WhiteTeam "Lindenhof"]
[BlackTeam "Pforzheim"]
[WhiteTeamCountry "GER"]
[BlackTeamCountry "GER"]

1. e4 c5 2. Nf3 e6 3. d4 cxd4 4. Nxd4 Nc6 5. Nc3 Qc7 6. f4 d6 7. Be3 Nf6 8. h3 Bd7 9. g4 Nxd4 10. Qxd4 e5 11. Qd2 Bc6 12. Nd5 Qd8 13. Bg2 Bxd5 14. exd5 exf4 15. Bxf4 Be7 16. 0-0-0 0-0 17. Kb1 Qb6 18. g5 Nd7 19. h4 Nc5 20. Be3 Bd8 21. h5 Qb5 22. Bf1 Qa4 23. Bd4 Ne4 24. Qf4 Nxg5 25. h6 g6 26. Qxd6 Rc8 27. b3 Qe8 28. Bd3 Qe7 29. Qf4 Bc7 30. Bc5 Bxf4 31. Bxe7 Rfe8 32. d6 Rb8 33. Bb5 Ne4 34. Bxe8 Nc3+ 35. Kb2 Nxd1+ 36. Rxd1 Rxe8 37. d7 1-0

[Event "Verbandsliga Nordbaden 1516"]
[Site "Baden"]
[Date "2015.10.25"]
[Round "2.3"]
[White "Kraemer, Enrico"]
[Black "Schork, Stefan"]
[Result "0-1"]
[WhiteElo "2174"]
[BlackElo "2063"]
[PlyCount "66"]
[EventDate "2015.09.27"]
[EventType "team-tourn"]
[EventRounds "9"]
[EventCountry "GER"]
[SourceTitle "EXT 2022"]
[Source "ChessBase"]
[SourceDate "2021.10.06"]
[SourceVersion "1"]
[SourceVersionDate "2021.10.06"]
[SourceQuality "1"]
[WhiteTeam "Leimen"]
[BlackTeam "Pforzheim"]
[WhiteTeamCountry "GER"]
[BlackTeamCountry "GER"]

1. d4 d5 2. c4 dxc4 3. e4 e5 4. Nf3 exd4 5. Bxc4 Bb4+ 6. Nbd2 Nc6 7. 0-0 Be6 8. Bxe6 fxe6 9. Qb3 Qd7 10. a3 Bxd2 11. Bxd2 0-0-0 12. Rac1 h6 13. Qd3 Nge7 14. b4 Ng6 15. Qb3 Rhf8 16. b5 Nce5 17. Nxe5 Nxe5 18. a4 g5 19. a5 Kb8 20. b6 cxb6 21. axb6 Rc8 22. Qg3 Qg7 23. f4 Nc4 24. Bb4 Rfd8 25. f5+ e5 26. f6 Qf7 27. bxa7+ Ka8 28. Be7 Re8 29. Qh3 Rc6 30. Ra1 Ne3 31. Rfc1 g4 32. Qxh6 Rxc1+ 33. Rxc1 Qa2 0-1

[Event "Verbandsliga Nord Baden 1314"]
[Site "Germany"]
[Date "2014.04.13"]
[Round "9.3"]
[White "Schork, Stefan"]
[Black "Kolb, Hans Martin"]
[Result "0-1"]
[WhiteElo "2138"]
[BlackElo "2218"]
[PlyCount "110"]
[EventDate "2013.10.20"]
[EventType "team-tourn"]
[EventRounds "9"]
[EventCountry "GER"]
[SourceTitle "EXT 2015"]
[Source "ChessBase"]
[SourceDate "2014.11.20"]
[SourceVersion "1"]
[SourceVersionDate "2014.11.20"]
[SourceQuality "1"]
[WhiteTeam "Pforzheim"]
[BlackTeam "Lindenhof"]
[WhiteTeamCountry "GER"]
[BlackTeamCountry "GER"]

1. e4 d5 2. exd5 Qxd5 3. Nc3 Qa5 4. d4 c6 5. Bc4 Bf5 6. Nf3 Nf6 7. Bd2 e6 8. Nd5 Qd8 9. Nxf6+ gxf6 10. Bf4 Nd7 11. Qe2 Nb6 12. Bb3 a5 13. c3 a4 14. Bc2 Bxc2 15. Qxc2 Bg7 16. 0-0 0-0 17. Rfe1 Qd5 18. Nd2 Qh5 19. Ne4 Nd5 20. Bd2 b5 21. f4 f5 22. Nf2 Nf6 23. Re3 Kh8 24. Rae1 Nd5 25. Rg3 Rg8 26. Rg5 Qh4 27. g3 Qh6 28. Qd1 Bf6 29. Rxg8+ Rxg8 30. Qf3 Qf8 31. Nd3 a3 32. b3 b4 33. Ne5 bxc3 34. Bxc3 Bxe5 35. Rxe5 Qd6 36. Kf1 Rd8 37. Be1 Nf6 38. Qc3 Ne4 39. Qc4 Nf6 40. Bb4 Qxd4 41. Qxd4 Rxd4 42. Bxa3 Ne4 43. Ke1 Nc3 44. Be7 Rd1+ 45. Kf2 Kg7 46. Ra5 Rd2+ 47. Kf3 Rxh2 48. Ra6 Rxa2 49. Rxa2 Nxa2 50. Ba3 Kg6 51. Ke3 Nc3 52. Kd3 Ne4 53. g4 Nf2+ 54. Kd4 fxg4 55. Bd6 Kf5 0-1

[Event "Verbandsliga Nord Baden 1314"]
[Site "Germany"]
[Date "2014.01.12"]
[Round "4.2"]
[White "Schork, Stefan"]
[Black "Schrepp, Martin"]
[Result "0-1"]
[WhiteElo "2138"]
[BlackElo "2272"]
[PlyCount "136"]
[EventDate "2013.10.20"]
[EventType "team-tourn"]
[EventRounds "9"]
[EventCountry "GER"]
[SourceTitle "EXT 2015"]
[Source "ChessBase"]
[SourceDate "2014.11.20"]
[SourceVersion "1"]
[SourceVersionDate "2014.11.20"]
[SourceQuality "1"]
[WhiteTeam "Pforzheim"]
[BlackTeam "Ladenburg"]
[WhiteTeamCountry "GER"]
[BlackTeamCountry "GER"]

1. e4 g6 2. d4 Bg7 3. Nc3 c6 4. f4 d5 5. e5 Nh6 6. Nf3 Bg4 7. h3 Bxf3 8. Qxf3 Qb6 9. Ne2 0-0 10. Qb3 f5 11. exf6 exf6 12. Bd2 Qxb3 13. axb3 f5 14. Rg1 Re8 15. 0-0-0 a5 16. g4 Nd7 17. c3 a4 18. bxa4 Rxa4 19. Kc2 Nb6 20. Nc1 Ra1 21. Bd3 Nc4 22. g5 Nf7 23. Rde1 Kf8 24. Nb3 Rexe1 25. Rxe1 Rxe1 26. Bxe1 Ncd6 27. h4 Nd8 28. Kd2 Ne6 29. Ke3 Ke7 30. Nd2 b5 31. Nf3 Nf8 32. Ne5 Bxe5 33. dxe5 Nc4+ 34. Bxc4 bxc4 35. Bd2 Ne6 36. Ke2 Kd7 37. Kd1 Kc7 38. Kc2 Kb6 39. Be3+ Kb5 40. Bc1 Ka4 41. Be3 c5 42. Bd2 d4 43. Bc1 Kb5 44. Kd1 Kc6 45. Ke2 Kd5 46. Kf3 Nc7 47. Bd2 Ne6 48. Bc1 Nf8 49. Bd2 Nd7 50. Ke2 Nf8 51. Kf3 Ne6 52. Bc1 d3 53. Be3 Kc6 54. Kf2 Ng7 55. Bd2 Kb5 56. Be3 Ka4 57. Bxc5 Kb3 58. Ke1 Kxb2 59. Kd2 Ne6 60. Be3 Kb3 61. Bb6 Nxf4 62. Bd4 Ne6 63. Bb6 Ka4 64. Ke3 Kb5 65. Ba7 Kc6 66. Bb8 Kd5 67. Bd6 Nd8 68. Bc7 Nc6 0-1

[Event "Verbandsliga Nord Baden 1314"]
[Site "Germany"]
[Date "2013.11.17"]
[Round "2.3"]
[White "Kindsvogel, Robert"]
[Black "Schork, Stefan"]
[Result "0-1"]
[WhiteElo "2279"]
[BlackElo "2138"]
[PlyCount "66"]
[EventDate "2013.10.20"]
[EventType "team-tourn"]
[EventRounds "9"]
[EventCountry "GER"]
[SourceTitle "EXT 2015"]
[Source "ChessBase"]
[SourceDate "2014.11.20"]
[SourceVersion "1"]
[SourceVersionDate "2014.11.20"]
[SourceQuality "1"]
[WhiteTeam "Heidelberg"]
[BlackTeam "Pforzheim"]
[WhiteTeamCountry "GER"]
[BlackTeamCountry "GER"]

1. Nf3 d5 2. d4 e6 3. c4 Nf6 4. Bg5 c6 5. cxd5 exd5 6. Nc3 Bf5 7. e3 Qb6 8. Qc1 Nbd7 9. Be2 Bd6 10. 0-0 0-0 11. Bh4 Rae8 12. Bg3 Bxg3 13. hxg3 Ne4 14. Re1 Re6 15. Nh4 Bg6 16. Bg4 f5 17. Be2 Be8 18. Rb1 a5 19. a3 Qd8 20. b4 axb4 21. Rxb4 b6 22. Nf3 Bh5 23. Na4 Rh6 24. Nb2 Bg4 25. Kf1 Rh1+ 26. Ng1 Qg5 27. Bf3 c5 28. dxc5 bxc5 29. Rb7 Ne5 30. Ke2 Qh5 31. Rf1 Rxg1 32. Rxg1 Bxf3+ 33. gxf3 Qxf3+ 0-1

[Event "Verbandsliga Nord Baden 1112"]
[Site "Germany"]
[Date "2012.01.29"]
[Round "5.3"]
[White "Schork, Stefan"]
[Black "Schrepp, Martin"]
[Result "1/2-1/2"]
[WhiteElo "2132"]
[BlackElo "2268"]
[PlyCount "140"]
[EventDate "2011.10.09"]
[EventType "team-tourn"]
[EventRounds "9"]
[EventCountry "GER"]
[SourceTitle "EXT 2013"]
[Source "ChessBase"]
[SourceDate "2012.11.22"]
[SourceVersion "1"]
[SourceVersionDate "2012.11.22"]
[SourceQuality "1"]
[WhiteTeam "Pforzheim"]
[BlackTeam "Hockenheim II"]
[WhiteTeamCountry "GER"]
[BlackTeamCountry "GER"]

1. e4 g6 2. d4 Bg7 3. Nc3 c6 4. f4 d5 5. e5 Nh6 6. Nf3 0-0 7. Be3 b5 8. Qd2 Nd7 9. h3 f5 10. g4 e6 11. g5 Nf7 12. h4 Re8 13. h5 Nh8 14. Ne2 a5 15. Ng3 Ba6 16. a3 Qb6 17. Be2 Reb8 18. Kf2 b4 19. axb4 axb4 20. b3 Bxe2 21. Nxe2 Ra3 22. Rxa3 bxa3 23. Nc3 Bf8 24. Na4 Qb5 25. Kg3 gxh5 26. Qh2 Bb4 27. Qxh5 Nf8 28. g6 Nhxg6 29. Ng5 Rb7 30. Ra1 Ra7 31. Qh2 Be7 32. Rh1 Bxg5 33. fxg5 Rxa4 34. bxa4 Qxa4 35. c3 c5 36. Qd2 cxd4 37. cxd4 Qb3 38. Kf2 f4 39. Bxf4 Nxf4 40. Qxf4 Qb2+ 41. Kg3 Qc3+ 42. Kg4 Ng6 43. Rc1 Qh3+ 44. Kxh3 Nxf4+ 45. Kg4 Ne2 46. Ra1 Nxd4 47. Rxa3 Nc6 48. Kf4 Ne7 49. Ra8+ Kg7 50. Ra7 Kf8 51. Kg4 Nc6 52. Ra8+ Kf7 53. Kf4 Nd4 54. Ra7+ Kg6 55. Ra6 h6 56. gxh6 Kxh6 57. Ke3 Nf5+ 58. Kd3 Ng7 59. Kd4 Kg6 60. Kc5 Kf5 61. Ra7 Nh5 62. Kd6 Nf4 63. Ra4 Ng6 64. Ra1 Nf4 65. Rf1 d4 66. Rd1 d3 67. Re1 Kg4 68. Rd1 Kf3 69. Rxd3+ Nxd3 70. Kxe6 Nxe5 1/2-1/2

[Event "Verbandsliga Nord Baden 1112"]
[Site "Germany"]
[Date "2011.11.27"]
[Round "3.4"]
[White "Marek, Mariusz"]
[Black "Schork, Stefan"]
[Result "1-0"]
[WhiteElo "2151"]
[BlackElo "2132"]
[PlyCount "53"]
[EventDate "2011.10.09"]
[EventType "team-tourn"]
[EventRounds "9"]
[EventCountry "GER"]
[SourceTitle "EXT 2013"]
[Source "ChessBase"]
[SourceDate "2012.11.22"]
[SourceVersion "1"]
[SourceVersionDate "2012.11.22"]
[SourceQuality "1"]
[WhiteTeam "Slavija KA"]
[BlackTeam "Pforzheim"]
[WhiteTeamCountry "GER"]
[BlackTeamCountry "GER"]

1. e4 e6 2. d4 d5 3. Nd2 c5 4. exd5 Qxd5 5. Ngf3 cxd4 6. Bc4 Qd6 7. 0-0 Nc6 8. Re1 Be7 9. Ne4 Qb4 10. Qe2 Nf6 11. Bd2 Qb6 12. Neg5 0-0 13. a4 Bd7 14. a5 Qc7 15. Rab1 Rae8 16. b4 a6 17. Qd3 Bd6 18. g3 h6 19. Ne4 Nxe4 20. Rxe4 e5 21. Bxh6 gxh6 22. Rg4+ Kh8 23. Qd2 Kh7 24. Rh4 Re6 25. Bxe6 fxe6 26. Qxh6+ Kg8 27. Qh7# 1-0

[Event "Verbandsliga Nord Baden 1112"]
[Site "Germany"]
[Date "2011.11.06"]
[Round "2.4"]
[White "Schork, Stefan"]
[Black "Tavakolian, Martin"]
[Result "1/2-1/2"]
[WhiteElo "2132"]
[BlackElo "2180"]
[PlyCount "83"]
[EventDate "2011.10.09"]
[EventType "team-tourn"]
[EventRounds "9"]
[EventCountry "GER"]
[SourceTitle "EXT 2013"]
[Source "ChessBase"]
[SourceDate "2012.11.22"]
[SourceVersion "1"]
[SourceVersionDate "2012.11.22"]
[SourceQuality "1"]
[WhiteTeam "Pforzheim"]
[BlackTeam "Lindenhof"]
[WhiteTeamCountry "GER"]
[BlackTeamCountry "GER"]

1. Nf3 d5 2. e3 Nf6 3. c4 g6 4. cxd5 Nxd5 5. Qb3 Bg7 6. Nc3 Nb6 7. d4 0-0 8. Be2 Be6 9. Qc2 N8d7 10. e4 c5 11. d5 Bg4 12. 0-0 e6 13. dxe6 Bxe6 14. Bf4 Bg4 15. Rfd1 Qf6 16. Bg5 Qe6 17. Nb5 Bxf3 18. Bxf3 Qe5 19. Be3 c4 20. Nc3 Qe7 21. a4 a5 22. Rd2 Qb4 23. Rad1 Ne5 24. Be2 Rfc8 25. Rd6 Rc6 26. Rd8+ Rxd8 27. Rxd8+ Bf8 28. Bh6 Ned7 29. Nd5 Qe1+ 30. Bf1 Nxd5 31. exd5 Rf6 32. d6 Rf5 33. Qe2 Re5 34. Qxe1 Rxe1 35. Rxd7 Bxh6 36. Rxb7 Kf8 37. d7 Ke7 38. Rc7 Rd1 39. Rb7 Bg7 40. Rc7 Bxb2 41. Rxc4 Rxd7 42. Rc2 1/2-1/2

[Event "Baden CupT"]
[Site "Hockenheim"]
[Date "2010.07.18"]
[Round "2.3"]
[White "Schork, Stefan"]
[Black "Scherer, Max"]
[Result "0-1"]
[WhiteElo "2118"]
[BlackElo "2234"]
[PlyCount "66"]
[EventDate "2010.07.17"]
[EventType "team-match"]
[EventRounds "2"]
[EventCountry "GER"]
[SourceTitle "EXT 2011"]
[Source "ChessBase"]
[SourceDate "2010.11.26"]
[SourceVersion "1"]
[SourceVersionDate "2010.11.26"]
[SourceQuality "1"]
[WhiteTeam "Untergrombach"]
[BlackTeam "Dreisamtal"]
[WhiteTeamCountry "GER"]
[BlackTeamCountry "GER"]

1. c4 b6 2. Nc3 Bb7 3. e4 e6 4. Nf3 Bb4 5. Bd3 Na6 6. Bc2 Ne7 7. Ne2 Ng6 8. 0-0 e5 9. d4 exd4 10. Nexd4 0-0 11. e5 Be7 12. Re1 Nc5 13. Nf5 f6 14. Nxe7+ Qxe7 15. b4 Ne6 16. Be4 Bxe4 17. Rxe4 fxe5 18. Ba3 a5 19. Qe1 d6 20. bxa5 Nef4 21. Bb4 Nd3 22. Qd2 Nxb4 23. Qxb4 Rxa5 24. Qb3 Qf7 25. Ree1 h6 26. Qc2 Nf4 27. Re3 Rc5 28. Rc3 b5 29. g3 b4 30. Re3 Nd5 31. Rb3 Nc3 32. Ne1 Qxc4 33. a3 Ne2+ 0-1